[Event "19. Open Ciutat de Montcada 2011"]
[Site "Montcada i Reixac ESP"]
[Date "2011.07.01"]
[Round "7.8"]
[White "Gomez Jurado, Luis Alberto"]
[Black "Hernandez Carmenates, Holden"]
[Result "1/2-1/2"]
[WhiteElo "2338"]
[BlackElo "2558"]
[PlyCount "91"]
[EventDate "2011.06.25"]
[EventType "swiss"]
[EventRounds "9"]
[EventCountry "ESP"]
[Source "lmi"]
[SourceDate "2011.06.25"]

1. c4 Nf6 2. g3 e5 3. Bg2 Nc6 4. Nc3 Bb4 5. Nd5 O-O 6. Nf3 Re8 7. O-O Bc5 8. d3
h6 9. e3 d6 10. b3 Nxd5 11. cxd5 Nb4 12. e4 Bg4 13. a3 Na6 14. Bb2 Qd7 15. Qd2
Bb6 16. d4 Bxf3 17. Bxf3 c6 18. dxc6 Qxc6 19. Rfc1 Qb5 20. b4 Rad8 21. Be2 Qa4
22. Bd1 Qd7 23. dxe5 Qe7 24. exd6 Rxd6 25. Qe2 Red8 26. Bc3 Nc7 27. Bb3 Nd5 28.
Bxd5 Rxd5 29. Ra2 Qg5 30. Rac2 Rd3 31. Kg2 h5 32. h4 Qh6 33. a4 Bxf2 34. Qxf2
Rxc3 35. Rxc3 Rd2 36. Rf1 Qd6 37. Rf3 Rxf2+ 38. R1xf2 Qxb4 39. Rxf7 Qxe4+ 40.
Kh2 a5 41. R7f4 Qe5 42. Rf5 Qd4 43. R5f4 Qa1 44. Rf1 Qc3 45. R1f3 Qc5 46. Rf2
1/2-1/2

[Event "19. Open Ciutat de Montcada 2011"]
[Site "Montcada i Reixac ESP"]
[Date "2011.07.01"]
[Round "7.9"]
[White "Cuartas, Jaime Alexander"]
[Black "Lorenzo De La Riva, Lazaro"]
[Result "1/2-1/2"]
[WhiteElo "2542"]
[BlackElo "2378"]
[PlyCount "99"]
[EventDate "2011.06.25"]
[EventType "swiss"]
[EventRounds "9"]
[EventCountry "ESP"]
[Source "lmi"]
[SourceDate "2011.06.25"]

1. e4 e5 2. Nf3 Nc6 3. d4 exd4 4. Nxd4 Bb4+ 5. c3 Bc5 6. Be3 Bb6 7. g3 Nf6 8.
Bg2 O-O 9. O-O Re8 10. Nd2 d5 11. Nxc6 bxc6 12. Re1 Bg4 13. Qc2 Qd7 14. Bd4 Bh3
15. Bxf6 Bxg2 16. Kxg2 gxf6 17. Nf3 dxe4 18. Rxe4 Rxe4 19. Qxe4 Re8 20. Qc2 Qd5
21. c4 Qc5 22. a3 a5 23. Re1 Re6 24. Rxe6 fxe6 25. Ne1 a4 26. Nd3 Qf5 27. Qe2
Kf7 28. g4 Qg5 29. h3 h6 30. Kg3 Bd4 31. Qe4 e5 32. f4 exf4+ 33. Kf3 c5 34. Qc6
Qh4 35. Qxc7+ Ke8 36. Nxf4 Qf2+ 37. Ke4 Qe1+ 38. Kd3 Qb1+ 39. Kd2 Qxb2+ 40. Kd1
Qb3+ 41. Kc1 Qg3 42. Kd1 Qg1+ 43. Kc2 Qf2+ 44. Kd1 Qf3+ 45. Ne2 Qb3+ 46. Ke1
Qb1+ 47. Kd2 Qa2+ 48. Ke1 Qb1+ 49. Kd2 Qa2+ 50. Ke1 1/2-1/2

[Event "19. Open Ciutat de Montcada 2011"]
[Site "Montcada i Reixac ESP"]
[Date "2011.07.01"]
[Round "7.10"]
[White "Narciso Dublan, Marc"]
[Black "Martinez Ramirez, Erik"]
[Result "1/2-1/2"]
[WhiteElo "2532"]
[BlackElo "2206"]
[PlyCount "100"]
[EventDate "2011.06.25"]
[EventType "swiss"]
[EventRounds "9"]
[EventCountry "ESP"]
[Source "lmi"]
[SourceDate "2011.06.25"]

1. e4 c5 2. Nc3 Nc6 3. g3 e6 4. Bg2 Nf6 5. Nge2 d5 6. exd5 exd5 7. d4 cxd4 8.
Nxd4 Qb6 9. Nxc6 bxc6 10. O-O Be6 11. b3 Be7 12. Bb2 O-O 13. Ne2 Bg4 14. Qd3
Bxe2 15. Qxe2 Rfe8 16. Qd3 Ne4 17. Bxe4 dxe4 18. Qd4 Bf6 19. Qxb6 axb6 20. Bxf6
gxf6 21. a4 f5 22. Rfd1 Red8 23. Rxd8+ Rxd8 24. b4 Ra8 25. Kf1 Kf8 26. Ke2 Ke7
27. Ke3 Kd6 28. Kf4 Kd5 29. a5 b5 30. Ra3 Kc4 31. c3 Ra6 32. Kxf5 Kd3 33. g4
Kc2 34. Ra1 Kxc3 35. Rb1 Kc2 36. Re1 c5 37. bxc5 b4 38. Re2+ Kc1 39. Rxe4 b3
40. Rc4+ Kd2 41. Ke5 b2 42. Rb4 Kc3 43. Rb7 Ra7 44. Rxb2 Kxb2 45. Kd6 Rxa5 46.
c6 Ra3 47. c7 Rc3 48. Kd7 Rd3+ 49. Ke7 Rc3 50. Kd7 Rd3+ 1/2-1/2

[Event "19. Open Ciutat de Montcada 2011"]
[Site "Montcada i Reixac ESP"]
[Date "2011.07.02"]
[Round "8.1"]
[White "Del Rio De Angelis, Salvador G"]
[Black "Cornette, Matthieu"]
[Result "1/2-1/2"]
[WhiteElo "2508"]
[BlackElo "2562"]
[PlyCount "125"]
[EventDate "2011.06.25"]
[EventType "swiss"]
[EventRounds "9"]
[EventCountry "ESP"]
[Source "lmi"]
[SourceDate "2011.06.25"]

1. d4 Nf6 2. c4 e6 3. Nc3 Bb4 4. e3 O-O 5. Bd3 d5 6. Nf3 c5 7. O-O Nc6 8. a3
Bxc3 9. bxc3 dxc4 10. Bxc4 Qc7 11. Bb5 b6 12. Re1 Bb7 13. e4 Rfd8 14. e5 Nd5
15. Qd3 h6 16. Ba4 Nde7 17. Bc2 Ng6 18. h4 cxd4 19. cxd4 Nce7 20. h5 Rac8 21.
Bb1 Nf8 22. Bb2 Nf5 23. g4 Qc6 24. gxf5 Qxf3 25. Qxf3 Bxf3 26. Re3 Bxh5 27. f3
Rc7 28. Ba2 Rc2 29. Rb1 exf5 30. d5 f4 31. Rc3 Rxc3 32. Bxc3 Bxf3 33. e6 Ng6
34. exf7+ Kxf7 35. d6+ Kf8 36. Re1 Bg4 37. Bb1 Nh8 38. Re4 Nf7 39. Rxf4 Be6 40.
Bh7 Ke8 41. Bxg7 Rxd6 42. Bg6 Ke7 43. Bf6+ Kd7 44. Rh4 Bd5 45. Bxf7 Bxf7 46.
Rxh6 Rd3 47. a4 Rd6 48. Bg7 Bb3 49. Rxd6+ Kxd6 50. a5 b5 51. Kf2 Kc5 52. Ke3
Kb4 53. Bd4 a6 54. Bb6 Kc3 55. Bd4+ Kc2 56. Bc5 Bf7 57. Be7 Bg6 58. Bd6 Kc3 59.
Be5+ Kb4 60. Bc7 Kb3 61. Kd2 b4 62. Bd6 Ka4 63. Bc7 1/2-1/2

[Event "19. Open Ciutat de Montcada 2011"]
[Site "Montcada i Reixac ESP"]
[Date "2011.07.02"]
[Round "8.2"]
[White "Cruz, Cristhian"]
[Black "Peralta, Fernando"]
[Result "1/2-1/2"]
[WhiteElo "2477"]
[BlackElo "2608"]
[PlyCount "102"]
[EventDate "2011.06.25"]
[EventType "swiss"]
[EventRounds "9"]
[EventCountry "ESP"]
[Source "lmi"]
[SourceDate "2011.06.25"]

1. d4 d5 2. c4 e6 3. Nf3 Nf6 4. Nc3 Bb4 5. cxd5 exd5 6. Bg5 Nbd7 7. Qc2 c5 8.
a3 Bxc3+ 9. Qxc3 c4 10. Nd2 O-O 11. e3 h6 12. Bf4 Nb6 13. a4 a5 14. Be2 Qe7 15.
b3 Be6 16. O-O Rfc8 17. Rfc1 Ne4 18. Nxe4 dxe4 19. bxc4 Bxc4 20. Bxc4 Rxc4 21.
Qxc4 Nxc4 22. Rxc4 Qe6 23. Rc5 b6 24. Rb5 Rc8 25. h3 Rc4 26. d5 Qd7 27. d6 Rxa4
28. Rxa4 Qxb5 29. Rd4 Qd7 30. Rxe4 b5 31. Re7 Qd8 32. Rb7 b4 33. d7 Kh7 34. Be5
a4 35. Bd4 a3 36. Bb6 Qf6 37. d8=Q Qxd8 38. Bxd8 a2 39. Ra7 b3 40. Kh2 b2 41.
Rxa2 b1=Q 42. Rd2 Qe1 43. Ba5 Qc1 44. Bb4 f6 45. Rd4 Qb2 46. Kg1 Qc1+ 47. Kh2
Qf1 48. Rf4 Qa1 49. Bd6 Qb2 50. Rf3 h5 51. Bg3 Qb4 1/2-1/2

[Event "19. Open Ciutat de Montcada 2011"]
[Site "Montcada i Reixac ESP"]
[Date "2011.07.02"]
[Round "8.3"]
[White "Libiszewski, Fabien"]
[Black "Bacallao Alonso, Yusnel"]
[Result "0-1"]
[WhiteElo "2480"]
[BlackElo "2530"]
[PlyCount "78"]
[EventDate "2011.06.25"]
[EventType "swiss"]
[EventRounds "9"]
[EventCountry "ESP"]
[Source "lmi"]
[SourceDate "2011.06.25"]

1. e4 e5 2. Nf3 Nc6 3. Bb5 a6 4. Ba4 Nf6 5. O-O Be7 6. d3 b5 7. Bb3 O-O 8. a4
Bb7 9. Re1 h6 10. c3 Re8 11. axb5 axb5 12. Rxa8 Bxa8 13. Ba2 b4 14. Nbd2 Bc5
15. Nc4 bxc3 16. bxc3 d5 17. exd5 Qxd5 18. Qc2 Qd7 19. h3 Qf5 20. Be3 Bf8 21.
Qe2 Nd8 22. Bb1 e4 23. dxe4 Bxe4 24. Bxe4 Qxe4 25. Qa2 Qd5 26. Qa4 Ne6 27. Rd1
Ra8 28. Qb3 Ra3 29. Rxd5 Rxb3 30. Rd3 Ne4 31. Bd4 Nxd4 32. Rxd4 Nd6 33. Nce5
Rxc3 34. Ra4 g6 35. Ra8 Kg7 36. Rd8 Be7 37. Rd7 Kf8 38. Nd4 Ke8 39. Kf1 Bf6 0-1

[Event "19. Open Ciutat de Montcada 2011"]
[Site "Montcada i Reixac ESP"]
[Date "2011.07.02"]
[Round "8.4"]
[White "Delgado Ramos, Hector"]
[Black "Gonzalez Vidal, Yuri"]
[Result "1/2-1/2"]
[WhiteElo "2480"]
[BlackElo "2504"]
[PlyCount "80"]
[EventDate "2011.06.25"]
[EventType "swiss"]
[EventRounds "9"]
[EventCountry "ESP"]
[Source "lmi"]
[SourceDate "2011.06.25"]

1. d4 Nf6 2. c4 e6 3. Nc3 Bb4 4. a3 Bxc3+ 5. bxc3 O-O 6. e3 c5 7. Bd3 Nc6 8.
Ne2 b6 9. O-O Ba6 10. e4 Ne8 11. Qc2 Na5 12. e5 h6 13. f4 Bxc4 14. Bxc4 Nxc4
15. f5 exf5 16. Ng3 d6 17. Nxf5 dxe5 18. Bxh6 Ncd6 19. Nxg7 Nxg7 20. Bxg7 Kxg7
21. dxe5 Rh8 22. Qf2 Qh4 23. g3 Qxh2+ 24. Qxh2 Rxh2 25. Kxh2 Nc4 26. a4 Nxe5
27. a5 Rd8 28. Rfd1 Rh8+ 29. Kg1 c4 30. Rd5 Kf6 31. axb6 axb6 32. Rd6+ Kg5 33.
Kg2 Ng4 34. Rxb6 Rh2+ 35. Kg1 Rh3 36. Kg2 Rh2+ 37. Kg1 Rh3 38. Ra5+ f5 39. Kg2
Rh2+ 40. Kg1 Rh3 1/2-1/2

[Event "19. Open Ciutat de Montcada 2011"]
[Site "Montcada i Reixac ESP"]
[Date "2011.07.02"]
[Round "8.6"]
[White "Gonzalez Perez, Arian"]
[Black "Gomez Jurado, Luis Alberto"]
[Result "1-0"]
[WhiteElo "2476"]
[BlackElo "2338"]
[PlyCount "115"]
[EventDate "2011.06.25"]
[EventType "swiss"]
[EventRounds "9"]
[EventCountry "ESP"]
[Source "lmi"]
[SourceDate "2011.06.25"]

1. d4 d5 2. c4 c6 3. Nc3 Nf6 4. cxd5 cxd5 5. Bf4 Nc6 6. e3 a6 7. Nf3 e6 8. Bd3
Bd6 9. Bg3 O-O 10. Rc1 Re8 11. O-O Bxg3 12. hxg3 Qd6 13. a3 e5 14. dxe5 Nxe5
15. Be2 Nxf3+ 16. Bxf3 Be6 17. Qd4 Red8 18. Rfd1 Qe7 19. Na4 b5 20. Nc5 a5 21.
Nd3 h6 22. Rc5 Rab8 23. Rdc1 Nd7 24. Rc7 Qf6 25. Nf4 Qxd4 26. exd4 Nb6 27. Nxe6
fxe6 28. R1c6 Kh7 29. Rxe6 Re8 30. Rxe8 Rxe8 31. Rc5 b4 32. axb4 Na4 33. Rxa5
Nxb2 34. Bxd5 Nd3 35. f3 Re1+ 36. Kh2 Nf2 37. g4 Rd1 38. Ra2 Rxd4 39. Rxf2 Rxd5
40. Rb2 Rb5 41. f4 Kg6 42. Kg3 Kf6 43. Kf3 g5 44. g3 Ke6 45. Ke4 Kd6 46. Rd2+
Ke6 47. Rb2 Kd6 48. Rb3 Ke6 49. Kd4 h5 50. gxh5 gxf4 51. g4 Rg5 52. b5 Kd7 53.
b6 Kc8 54. h6 Rxg4 55. Rh3 Rg8 56. h7 Rh8 57. Ke4 Kb7 58. Rh6 1-0

[Event "19. Open Ciutat de Montcada 2011"]
[Site "Montcada i Reixac ESP"]
[Date "2011.07.02"]
[Round "8.7"]
[White "Camacho Collados, Jose"]
[Black "Stopa, Jacek"]
[Result "0-1"]
[WhiteElo "2380"]
[BlackElo "2460"]
[PlyCount "76"]
[EventDate "2011.06.25"]
[EventType "swiss"]
[EventRounds "9"]
[EventCountry "ESP"]
[Source "lmi"]
[SourceDate "2011.06.25"]

1. Nf3 f5 2. g3 g6 3. Bg2 Bg7 4. d4 Nf6 5. O-O O-O 6. c3 d6 7. Qb3+ Kh8 8. Ng5
d5 9. f3 h6 10. Nh3 g5 11. Nf2 Nc6 12. Nd3 Qd6 13. Qa3 Qe6 14. Re1 Qf7 15. Nd2
Qh5 16. f4 Ne4 17. Nf3 Qg6 18. Qb3 e6 19. Be3 b6 20. Rad1 Qh5 21. Qc2 Bb7 22.
Qc1 Bf6 23. c4 Rad8 24. b4 gxf4 25. Nxf4 Qf7 26. a3 Kh7 27. Qc2 Rg8 28. Rf1 Ne7
29. c5 bxc5 30. bxc5 h5 31. Bf2 Rg7 32. Ne5 Bxe5 33. dxe5 h4 34. Bxe4 fxe4 35.
Be1 Nf5 36. Qb3 Ba8 37. Rf2 Rdg8 38. Rg2 Rg4 0-1

[Event "19. Open Ciutat de Montcada 2011"]
[Site "Montcada i Reixac ESP"]
[Date "2011.07.02"]
[Round "8.9"]
[White "Hernandez Carmenates, Holden"]
[Black "Deshpande, Aniruddha"]
[Result "1-0"]
[WhiteElo "2558"]
[BlackElo "2209"]
[PlyCount "63"]
[EventDate "2011.06.25"]
[EventType "swiss"]
[EventRounds "9"]
[EventCountry "ESP"]
[Source "lmi"]
[SourceDate "2011.06.25"]

1. d4 d5 2. c4 e6 3. Nf3 Nf6 4. g3 Bb4+ 5. Bd2 Be7 6. Bg2 O-O 7. O-O b6 8. Nc3
Bb7 9. Ne5 Nbd7 10. Qa4 Nxe5 11. dxe5 Ne4 12. cxd5 Nxc3 13. Bxc3 exd5 14. Rad1
c6 15. e4 d4 16. Rxd4 Qc7 17. e6 fxe6 18. Rfd1 Rad8 19. Rxd8 Bxd8 20. Qxa7 Be7
21. Bh3 Kf7 22. Qa4 Bc8 23. Qd4 Bf6 24. Qd6 Qb7 25. Bxf6 gxf6 26. e5 f5 27. Bg2
Qa7 28. Bxc6 Qxa2 29. Qc7+ Kg6 30. Qe7 Qb3 31. Be8+ Rxe8 32. Qxe8+ 1-0

[Event "19. Open Ciutat de Montcada 2011"]
[Site "Montcada i Reixac ESP"]
[Date "2011.07.02"]
[Round "8.10"]
[White "Almeida Quintana, Omar"]
[Black "Sanchez Jerez, Emilio Miguel"]
[Result "1-0"]
[WhiteElo "2555"]
[BlackElo "2286"]
[PlyCount "69"]
[EventDate "2011.06.25"]
[EventType "swiss"]
[EventRounds "9"]
[EventCountry "ESP"]
[Source "lmi"]
[SourceDate "2011.06.25"]

1. d4 d6 2. Nf3 Nf6 3. c4 g6 4. Nc3 Bf5 5. Qb3 b6 6. g3 Bg7 7. Bg2 Nc6 8. O-O
O-O 9. Qd1 Ne4 10. Nd5 Qd7 11. b3 Rab8 12. Bb2 b5 13. cxb5 Rxb5 14. Ne3 d5 15.
Rc1 Bh6 16. Nxf5 Bxc1 17. Nxe7+ Qxe7 18. Qxc1 Nb4 19. a3 Na2 20. Qc2 Rfb8 21.
Ra1 Nac3 22. b4 R8b6 23. Ne5 f6 24. Nd3 Rc6 25. Bxe4 dxe4 26. Nc5 Nd5 27. Qc4
Rcxc5 28. dxc5 c6 29. Rd1 Qe6 30. Bxf6 Rb7 31. Ba1 e3 32. f3 h5 33. Qd4 Rh7 34.
b5 h4 35. bxc6 1-0

[Event "19. Open Ciutat de Montcada 2011"]
[Site "Montcada i Reixac ESP"]
[Date "2011.07.03"]
[Round "9.3"]
[White "Cornette, Matthieu"]
[Black "Delgado Ramos, Hector"]
[Result "1-0"]
[WhiteElo "2562"]
[BlackElo "2480"]
[PlyCount "177"]
[EventDate "2011.06.25"]
[EventType "swiss"]
[EventRounds "9"]
[EventCountry "ESP"]
[Source "lmi"]
[SourceDate "2011.06.25"]

1. e4 c5 2. Nf3 d6 3. d4 cxd4 4. Nxd4 Nf6 5. Nc3 g6 6. Be3 Bg7 7. f3 O-O 8. Qd2
Nc6 9. g4 Be6 10. Nxe6 fxe6 11. O-O-O Qc8 12. h4 Ne5 13. Be2 Nfd7 14. f4 Nc4
15. Bxc4 Qxc4 16. e5 Rad8 17. exd6 exd6 18. h5 Bxc3 19. Qxc3 Qxc3 20. bxc3 Nf6
21. hxg6 hxg6 22. Rh6 Kg7 23. Rh4 g5 24. fxg5 Nd5 25. Bxa7 Ra8 26. Bd4+ e5 27.
Bxe5+ dxe5 28. Rxd5 Rxa2 29. Rh2 e4 30. Re2 e3 31. Kb1 Ra6 32. Rxe3 Rf1+ 33.
Kb2 Rb6+ 34. Ka2 Rf2 35. Rd4 Rxc2+ 36. Ka3 Ra6+ 37. Kb3 Rc1 38. Rb4 Kg6 39. Kb2
Raa1 40. Re5 Rab1+ 41. Ka2 Ra1+ 42. Kb3 Ra6 43. Kb2 Rg1 44. Rxb7 Rxg4 45. Rbb5
Rga4 46. Kb3 Ra3+ 47. Kc4 R6a4+ 48. Rb4 Ra6 49. Rc5 Re6 50. Kd3 Ra1 51. Rd4 Ra3
52. Rh4 Rd6+ 53. Kc2 Rd7 54. Rh6+ Kg7 55. Rb6 Rda7 56. Rbc6 Ra2+ 57. Kb3 R7a3+
58. Kc4 Ra4+ 59. Kd3 Rg4 60. Rd6 Ra7 61. Rd4 Rg1 62. Kc4 Rb7 63. Re4 Kg6 64.
Re6+ Kf7 65. Ree5 Rd1 66. Rc6 Rc1 67. g6+ Kg7 68. Rh5 Rb8 69. Rh7+ Kg8 70. Rcc7
Rcb1 71. Rhg7+ Kh8 72. Rh7+ Kg8 73. Rc6 Rg1 74. Rd7 Rg3 75. Rd3 Rg5 76. Rd5 Rg3
77. Kd4 Rf8 78. c4 Rf4+ 79. Kc5 Rf8 80. Rd7 Ra8 81. Rdc7 Ra5+ 82. Kb6 Ra2 83.
Rc8+ Kg7 84. R6c7+ Kf6 85. Rf8+ Ke5 86. g7 Rg6+ 87. Kc5 Ra5+ 88. Kb4 Ra1 89.
g8=Q 1-0

[Event "19. Open Ciutat de Montcada 2011"]
[Site "Montcada i Reixac ESP"]
[Date "2011.07.03"]
[Round "9.4"]
[White "Peralta, Fernando"]
[Black "Cruz, Jonathan"]
[Result "1-0"]
[WhiteElo "2608"]
[BlackElo "2393"]
[PlyCount "84"]
[EventDate "2011.06.25"]
[EventType "swiss"]
[EventRounds "9"]
[EventCountry "ESP"]
[Source "lmi"]
[SourceDate "2011.06.25"]

1. d4 Nf6 2. c4 e6 3. Nc3 Bb4 4. e3 O-O 5. Bd3 d5 6. Nf3 c5 7. O-O Nc6 8. a3
Bxc3 9. bxc3 dxc4 10. Bxc4 Qc7 11. Be2 Rd8 12. Bb2 e5 13. Qc2 Bg4 14. dxe5 Nxe5
15. c4 Nxf3+ 16. gxf3 Bh5 17. Kh1 Qc6 18. e4 Bg6 19. Qc3 Ne8 20. Rad1 f6 21.
Rd5 Nc7 22. Qe3 Nxd5 23. cxd5 Qd6 24. f4 Re8 25. Bf3 Qb6 26. Bc3 c4 27. Qe1
Rad8 28. e5 fxe5 29. fxe5 Rf8 30. Bg2 Bd3 31. Ba5 Qd4 32. Bc3 Qf4 33. Rg1 Qxf2
34. e6 Qxe1 35. Rxe1 Rfe8 36. Bb4 Bf5 37. e7 Rc8 38. d6 b6 39. Bd5+ Kh8 40. Be6
Bxe6 41. Rxe6 c3 42. d7 Kg8 1-0

[Event "19. Open Ciutat de Montcada 2011"]
[Site "Montcada i Reixac ESP"]
[Date "2011.07.03"]
[Round "9.6"]
[White "Almeida Quintana, Omar"]
[Black "Gonzalez Perez, Arian"]
[Result "1/2-1/2"]
[WhiteElo "2555"]
[BlackElo "2476"]
[PlyCount "83"]
[EventDate "2011.06.25"]
[EventType "swiss"]
[EventRounds "9"]
[EventCountry "ESP"]
[Source "lmi"]
[SourceDate "2011.06.25"]

1. d4 Nf6 2. c4 g6 3. Nc3 Bg7 4. e4 d6 5. f3 O-O 6. Bg5 a6 7. Qd2 Nbd7 8. Nge2
c5 9. d5 b5 10. Ng3 Qa5 11. cxb5 Nb6 12. a4 axb5 13. Bxb5 Ba6 14. Bxa6 Qxa6 15.
Qe2 Rfb8 16. Qc2 Nbd7 17. Nge2 Ne5 18. O-O Qd3 19. Rac1 h6 20. Bf4 Qxc2 21.
Rxc2 Nd3 22. Rb1 Nd7 23. Be3 Rb3 24. Rd2 N3e5 25. Nc1 Rb7 26. Rc2 Nc4 27. Bf2
Bxc3 28. Rxc3 Rxb2 29. Ra1 Rb4 30. Nd3 Rbxa4 31. Rac1 Nce5 32. Be3 Nxd3 33.
Rxd3 Ne5 34. Rdc3 Kg7 35. h4 Rb8 36. Bf4 f6 37. Kh2 g5 38. hxg5 hxg5 39. Bxe5
fxe5 40. Kg3 Rb2 41. Rh1 g4 42. Rh4 1/2-1/2

[Event "19. Open Ciutat de Montcada 2011"]
[Site "Montcada i Reixac ESP"]
[Date "2011.07.03"]
[Round "9.7"]
[White "Hernandez Carmenates, Holden"]
[Black "Libiszewski, Fabien"]
[Result "1-0"]
[WhiteElo "2558"]
[BlackElo "2480"]
[PlyCount "59"]
[EventDate "2011.06.25"]
[EventType "swiss"]
[EventRounds "9"]
[EventCountry "ESP"]
[Source "lmi"]
[SourceDate "2011.06.25"]

1. d4 Nf6 2. c4 g6 3. Nc3 Bg7 4. e4 d6 5. Be2 O-O 6. Bg5 Na6 7. f4 c6 8. Qd2
Nc7 9. Bf3 d5 10. cxd5 cxd5 11. e5 Ne4 12. Nxe4 dxe4 13. Bxe4 f6 14. Bh4 g5 15.
fxg5 fxe5 16. Nf3 exd4 17. O-O Bf5 18. Qd3 Bxe4 19. Qxe4 Qd5 20. Rfe1 d3 21.
Rad1 Rfd8 22. Qxd5+ Rxd5 23. Rxe7 Rc8 24. Bg3 Nb5 25. a4 Nd4 26. Rxg7+ Kxg7 27.
Nxd4 Kg8 28. Nf3 Rdc5 29. b3 Rc3 30. Nd2 1-0

[Event "19. Open Ciutat de Montcada 2011"]
[Site "Montcada i Reixac ESP"]
[Date "2011.07.03"]
[Round "9.8"]
[White "Munoz Pantoja, Miguel"]
[Black "Hernando Rodrigo, Jose Maria"]
[Result "1-0"]
[WhiteElo "2498"]
[BlackElo "2302"]
[PlyCount "87"]
[EventDate "2011.06.25"]
[EventType "swiss"]
[EventRounds "9"]
[EventCountry "ESP"]
[Source "lmi"]
[SourceDate "2011.06.25"]

1. e4 g6 2. g3 Bg7 3. Bg2 d6 4. h3 Nf6 5. Ne2 O-O 6. O-O e5 7. d4 Nbd7 8. c4
exd4 9. Nxd4 Nc5 10. Nc3 Re8 11. Re1 c6 12. Bf4 a5 13. Qd2 a4 14. Rad1 Ne6 15.
Nxe6 Bxe6 16. Bxd6 Bxc4 17. e5 Nd7 18. f4 Qa5 19. Qf2 Rad8 20. Rd4 Bb5 21. Bb4
Qb6 22. Nxb5 Qxb5 23. Red1 c5 24. Bxc5 Qxc5 25. Rxd7 Rxd7 26. Rxd7 Qc1+ 27. Qf1
Qe3+ 28. Qf2 Qc1+ 29. Kh2 Bf8 30. Qd2 Qxd2 31. Rxd2 b5 32. Bc6 Rb8 33. Rd7 Rc8
34. Bxb5 Rc2+ 35. Kh1 a3 36. bxa3 Bxa3 37. Ba4 Rxa2 38. Bb3 Rb2 39. Bd5 Bb4 40.
Rxf7 Kh8 41. Rb7 Bc3 42. Rc7 Be1 43. e6 Rb8 44. e7 1-0

[Event "19. Open Ciutat de Montcada 2011"]
[Site "Montcada i Reixac ESP"]
[Date "2011.07.03"]
[Round "9.9"]
[White "Lorenzo De La Riva, Lazaro"]
[Black "Martinez Ramirez, Erik"]
[Result "0-1"]
[WhiteElo "2378"]
[BlackElo "2206"]
[PlyCount "102"]
[EventDate "2011.06.25"]
[EventType "swiss"]
[EventRounds "9"]
[EventCountry "ESP"]
[Source "lmi"]
[SourceDate "2011.06.25"]

1. e4 c5 2. Nf3 g6 3. d4 cxd4 4. Nxd4 Nf6 5. Nc3 Nc6 6. Be3 Bg7 7. Bc4 O-O 8.
Bb3 d6 9. f3 Bd7 10. h4 Nxd4 11. Bxd4 b5 12. h5 a5 13. hxg6 hxg6 14. Nd5 Nxd5
15. Bxd5 Rc8 16. Bxg7 Kxg7 17. Qd4+ f6 18. c3 Qc7 19. a3 Rh8 20. Kd2 Rxh1 21.
Rxh1 b4 22. axb4 axb4 23. Rc1 bxc3+ 24. Rxc3 Qa5 25. Kc2 Rb8 26. Bb3 Qg5 27. g4
Qb5 28. Qc4 Qxc4 29. Bxc4 f5 30. g5 fxe4 31. fxe4 Bc6 32. Bd3 Bb5 33. Bxb5 Rxb5
34. Rg3 Kf7 35. Kc3 Ke6 36. b4 Ke5 37. Kc4 Rb8 38. Rg4 Rc8+ 39. Kb5 Rb8+ 40.
Ka4 Kd4 41. Rf4 e5 42. Rf6 Kxe4 43. Rxg6 d5 44. Rd6 d4 45. g6 Kd3 46. g7 e4 47.
Rg6 Rg8 48. Kb5 e3 49. Kc5 e2 50. Rg3+ Kd2 51. Rg2 d3 0-1

[Event "19. Open Ciutat de Montcada 2011"]
[Site "Montcada i Reixac ESP"]
[Date "2011.07.03"]
[Round "9.10"]
[White "Cuartas, Jaime Alexander"]
[Black "Camacho Collados, Jose"]
[Result "1/2-1/2"]
[WhiteElo "2542"]
[BlackElo "2380"]
[PlyCount "94"]
[EventDate "2011.06.25"]
[EventType "swiss"]
[EventRounds "9"]
[EventCountry "ESP"]
[Source "lmi"]
[SourceDate "2011.06.25"]

1. e4 c5 2. Nf3 Nc6 3. d4 cxd4 4. Nxd4 Nf6 5. Nc3 e5 6. Ndb5 d6 7. Bg5 a6 8.
Bxf6 gxf6 9. Na3 b5 10. Nd5 Bg7 11. c4 f5 12. Bd3 O-O 13. O-O fxe4 14. Bxe4 f5
15. Ne7+ Qxe7 16. Bxc6 Rb8 17. cxb5 e4 18. Nc4 axb5 19. Qxd6 Qxd6 20. Nxd6 Be6
21. Rac1 b4 22. b3 Rb6 23. Nb5 Rd8 24. Nc7 Bf7 25. Ba4 Rd2 26. Ne8 Bc3 27. Rfd1
Rb8 28. Nf6+ Kg7 29. Nd7 Rd8 30. Rxd2 Bxd2 31. Rd1 Rc8 32. Ne5 Bh5 33. g4 e3
34. fxe3 Bxe3+ 35. Kg2 fxg4 36. Rd7+ Kh6 37. Kg3 Kg5 38. Rg7+ Bg6 39. Nxg6 hxg6
40. h4+ gxh3 41. Kxh3 Bf4 42. Rb7 Bd6 43. Rb6 Rc3+ 44. Kg2 Bc5 45. Re6 Re3 46.
Rxe3 Bxe3 47. Kf3 Bc5 1/2-1/2